| 000 | 01536nam a2200385 i 4500 | ||
|---|---|---|---|
| 003 | EG-ScBUE | ||
| 005 | 20240212120358.0 | ||
| 008 | 170422s2012 ua f 000 0 ara d | ||
| 017 | _a2011 / 19872 | ||
| 020 | _a9775868947 | ||
| 040 |
_aEG-ScBUE _bara _erda _cEG-ScBUE _dEG-ScBUE |
||
| 041 | 1 |
_aara _heng |
|
| 043 | _aa-tu--- | ||
| 082 | 0 | 4 |
_a956.1039 _bأ و ك _222 |
| 100 | 1 |
_aأوكتم، كرم، _eمؤلف. |
|
| 240 | 1 | 0 |
_aAngry nation : Turkey since 1989. _lArabic |
| 245 | 1 | 0 |
_aتركيا : _bالأمة الغاضبة / _cكرم أوكتم ؛ ترجمة مصطفى مجدي الجمال ؛ تقديم د. عاصم الدسوقي. |
| 250 | _aالطبعة الأولى. | ||
| 264 | 1 |
_aالقاهرة : _bمكتب سطور الجديدة، _c2012. |
|
| 300 |
_a283 صفحة ؛ _c24 سم. |
||
| 336 |
_2rdacontent _aنص _btxt |
||
| 337 |
_aبدون وسيط _2rdamedia _bn |
||
| 338 |
_aمجلد _bnc _2rdacarrier |
||
| 490 | 0 |
_aإصدارات سطور الجديدة ؛ _v120 |
|
| 541 | _aإهداء من أ. محمد فريد خميس. | ||
| 546 | _aالنص باللغة العربية مترجم من اللغة الإنجليزية. | ||
| 651 | 7 |
_aتركيا _xتاريخ _y1989. _2BUEsh |
|
| 651 | 7 |
_aتركيا _xسياسة وحكومة _yقرن 20. _2BUEsh |
|
| 651 | 7 |
_aتركيا _xعلاقات خارجية. _2BUEsh |
|
| 653 |
_bGGEN _bBUSBOL _cApril2017 |
||
| 655 | _vReading book | ||
| 700 | 1 |
_aجمال، مصطفى مجدي، _eمترجم. |
|
| 700 | 1 |
_aدسوقي، عاصم، _eمقدم. |
|
| 942 | _2ddc | ||
| 999 |
_c24689 _d24661 |
||